Democracia y espacios públicos: identidad, enclaves privados y participación ciudadana /
Guardado en:
| Hovedforfatter: | |
|---|---|
| Format: | Bog |
| Sprog: | Spanish |
| Tags: |
Tilføj Tag
Ingen Tags, Vær først til at tagge denne postø!
|
MARC
| LEADER | 00000nam a22000007a 4500 | ||
|---|---|---|---|
| 003 | cru CRAI/IIS | ||
| 005 | 20210225110447.0 | ||
| 008 | 210211t2004 mx |||||r|||||0|| ||spa|d | ||
| 999 | |c 43603 |d 43603 | ||
| 040 | |c cru CRAI/IIS | ||
| 100 | 1 | |9 9819 |a Portal, María Ana |e Autora | |
| 245 | 1 | |a Democracia y espacios públicos: |b identidad, enclaves privados y participación ciudadana / |c María Ana Portal | |
| 300 | |a páginas 199-214 | ||
| 773 | 0 | |0 42320 |9 3192 |d México: UNAM; Miguel Angel Porrúa, 2004 |o 18521 |t Los retos culturales de México/ |z 9707015020 | |
| 942 | |2 ddc |c LI | ||



